000
003190000a22001450004500
003
MACL
040
_a
MACL
090
_c
7005
_d
7004
100
_a
Shah, S M
245
_a
Mahatma Gandhi on Human Settlements
260
_b
Navjivan Publishing House
_c
1977
350
_a
3
650
_a
Social Science
942
_c
BOOK
_k
300
999
_c
6957
_d
6957